The Audacity of hope (Record no. 163943)

MARC details
000 -LEADER
fixed length control field 00631njm a2200229 i 4500
001 - CONTROL NUMBER
control field C2-0315451
003 - CONTROL NUMBER IDENTIFIER
control field PPAK
005 - DATE AND TIME OF LATEST TRANSACTION
control field 20180729163414.0
008 - FIXED-LENGTH DATA ELEMENTS--GENERAL INFORMATION
fixed length control field 120607s2008 xxu|||| ||||| | eng d
020 ## - INTERNATIONAL STANDARD BOOK NUMBER
International Standard Book Number 978160148526
040 ## - CATALOGING SOURCE
Original cataloging agency PPAK
Language of cataloging eng
Transcribing agency PPAK
Description conventions rda
245 14 - TITLE STATEMENT
Title The Audacity of hope
264 #1 - PRODUCTION, PUBLICATION, DISTRIBUTION, MANUFACTURE, AND COPYRIGHT NOTICE
Place of production, publication, distribution, manufacture United States :
Name of producer, publisher, distributor, manufacturer Random House ,
Date of production, publication, distribution, manufacture, or copyright notice 2008
336 ## - CONTENT TYPE
Source rdacontent
Content type term text
337 ## - MEDIA TYPE
Source rdamedia
Media type term unmediated
338 ## - CARRIER TYPE
Source rdacarrier
Carrier type term volume
500 ## - GENERAL NOTE
General note 1 unit Playaway audiobook
650 10 - SUBJECT ADDED ENTRY--TOPICAL TERM
Topical term or geographic name entry element African American legislaters - Biography
700 ## - ADDED ENTRY--PERSONAL NAME
Relator term author
Personal name Bronstein, Jacob,
Relator term compile
942 ## - ADDED ENTRY ELEMENTS (KOHA)
-- dc
Koha item type Book
Holdings
Withdrawn status Lost status Source of classification or shelving scheme Damaged status Not for loan Current library Shelving location Date acquired Source of acquisition Total Checkouts Full call number Barcode Date last seen Copy number Koha item type
    Dewey Decimal Classification   Not For Loan Perpustakaan Alor Setar Rujukan American Corner 07/06/2012 Lincoln Resource Center   RLCK 973.0496073 OBA A00816955 05/07/2018 H016955 Audio Media Player